000 00698nam a22001937a 4500
005 20180424104345.0
010 _aB-691523-524
020 _c475.00
_a9789327270020
035 _aB-691523-524
037 _bR.K.Books
082 _a304.6
100 _aChandana, R.C.
245 _aGeography of Population /
_cby R.C. Chandana
260 _aNew Delhi
_bKalyani Publishers
_c2016
270 _aProcess World India,C-90,Sec.63,
_bNew Delhi
_e110002
300 _a693p.
_c23cm. (pbk).
942 _2ddc
_cEN
_mCHA
_h304.6
999 _c151704
_d151704